| 000 | 00400cam a22001337a 4500 | ||
|---|---|---|---|
| 008 | 180718b2011 xxu||||| |||| 00| 0 eng d | ||
| 020 | _a9789380658322 | ||
| 082 | _aI51 B469 | ||
| 100 | _aBhogle Anita & Bhogle Harsha | ||
| 245 |
_aThe Winning Way: Learnings From Sport For Managers _cBy Anita Bhogle & Harsha Bhogle |
||
| 260 |
_aNew Delhi _bWestland _c2011 |
||
| 300 | _a196p. | ||
| 650 | _aLeadership | ||
| 999 |
_c503076 _d503076 |
||